000 00641nam a2200205Ii 4500
003 JO-AjNU
008 230605s9999||||xx |||||||||||||| ||und||
040 _aJO-AjNU
_bara
_erda
_cJO-AjNU
041 _aara
050 1 4 _aBP171.U4522
100 3 _aعميرة، عبد الرحمن,
_eauthor
_913774
245 0 0 _aالمذاهب المعاصرة وموقف الإسلام منها
250 _aط4
264 3 1 _aبيروت: دار الجيل، د.ت
300 _a344ص
336 _atext
_btxt
_2rdacontent
337 _aunmediated
_bn
_2rdamedia
338 _avolume
_bnc
_2rdacarrier
650 4 _aالاسلام والسياسة
_913775
999 _aA3516
_c7084
_d7084